01885nam a2200349 i 4500001000700000003000700007005001700014008004100031015001000072017005300082020001800135035002100153040002900174080002400203100003400227240004300261245008700304250003200391260003500423300002700458336002200485337003000507338002400537490003200561501004200593504003100635520068700666655002601353700002901379830003001408852009701438194673SpMaBN20250529063017.0240510s2009 sp | |||| 000 f spa  aMON08 aB 51317-2008bOficina Depósito Legal Barcelona a9788439721598 a(OCoLC)294885689 aSpMaBNbspacSpMaBNerdc a821.111(540)-31"19"1 aRushdie, Salman, d1947-eaut14aThe Enchantress of FlorencelEspañol13aLa encantadora de Florencia /cSalman Rushdie ; traducción de Carlos Milla Soler a1ª edición: febrero 2009 aBarcelona :bMondadori, c2009 a325 páginas ;c24 cm 2rdacontentatexto 2rdamediaasin mediación 2rdacarrieravolumen1 aLiteratura Mondadori ;v388 aGerman Booksellers' Peace Prize 2023. aBibliografía: p. 319-325 aEntreverando la Historia con la ficción, Salman Rushdie reconstruye un apasionante periodo histórico que narra la formación del imperio Mongol y las luchas que finalmente darían lugar a la India. A finales del siglo xvi, un extranjero llega a la corte de Akbar el Grande, emperador del Imperio mongol, en la fastuosa ciudad de Fatehpur Sikri. Es el portador de un secreto que podría proporcionarle la mayor de las fortunas o costarle la vida. Un secreto digno solo de los oídos del emperador: la historia de una mujer misteriosa, dueña de una belleza cautivadora y versada en las artes del encantamiento y la brujería, y de su viaje imposible a la lejana Florencia. 0aNovelas fantásticas1 aMilla Soler, Carlosetrl 0aLiteratura Mondadoriv388 aES-MaACLcDEPOJjN-9912xEncuadernación cartoné con sobrecubiertahDonación: Editorial